<?xml version="1.0" encoding="UTF-8"?>
<record
    xmlns:xsi="http://www.w3.org/2001/XMLSchema-instance"
    xsi:schemaLocation="http://www.loc.gov/MARC21/slim http://www.loc.gov/standards/marcxml/schema/MARC21slim.xsd"
    xmlns="http://www.loc.gov/MARC21/slim">

  <leader>02079nam0a2200361   4500</leader>
  <controlfield tag="001">RU\NLR\bibl\847895</controlfield>
  <controlfield tag="005">20260407143727.0</controlfield>
  <datafield tag="010" ind1=" " ind2=" ">
    <subfield code="a">5-246-00834-7</subfield>
  </datafield>
  <datafield tag="021" ind1=" " ind2=" ">
    <subfield code="a">RU</subfield>
    <subfield code="b">2005-22791</subfield>
    <subfield code="9">1160</subfield>
  </datafield>
  <datafield tag="035" ind1=" " ind2=" ">
    <subfield code="a">(NLR Aleph) 000836660</subfield>
  </datafield>
  <datafield tag="090" ind1=" " ind2=" ">
    <subfield code="a">1394498</subfield>
    <subfield code="c">1394498</subfield>
  </datafield>
  <datafield tag="100" ind1=" " ind2=" ">
    <subfield code="a">20051004d2005    |||y0rusy50      ca</subfield>
  </datafield>
  <datafield tag="101" ind1="0" ind2=" ">
    <subfield code="a">rus</subfield>
  </datafield>
  <datafield tag="102" ind1=" " ind2=" ">
    <subfield code="a">RU</subfield>
  </datafield>
  <datafield tag="105" ind1=" " ind2=" ">
    <subfield code="a">a   |||||||||</subfield>
  </datafield>
  <datafield tag="200" ind1="1" ind2=" ">
    <subfield code="a">&#x411;&#x438;&#x437;&#x43D;&#x435;&#x441;-&#x43A;&#x430;&#x440;&#x442;&#x430;-2005. [&#x41F;&#x440;&#x43E;&#x43C;&#x44B;&#x448;&#x43B;&#x435;&#x43D;&#x43D;&#x43E;&#x441;&#x442;&#x44C;. &#x41E;&#x442;&#x440;&#x430;&#x441;&#x43B;&#x44C;]. &#x421;&#x442;&#x440;&#x430;&#x43D;&#x44B; &#x421;&#x41D;&#x413;. [&#x414;&#x435;&#x43B;&#x43E;&#x432;&#x44B;&#x435; &#x441;&#x43F;&#x440;&#x430;&#x432;&#x43E;&#x447;&#x43D;&#x438;&#x43A;&#x438;]. &#x422;&#x43E;&#x43C; 19</subfield>
    <subfield code="i">&#x41B;&#x435;&#x441;&#x43D;&#x430;&#x44F; &#x438; &#x434;&#x435;&#x440;&#x435;&#x432;&#x43E;&#x43E;&#x431;&#x440;&#x430;&#x431;&#x430;&#x442;&#x44B;&#x432;&#x430;&#x44E;&#x449;&#x430;&#x44F; &#x43F;&#x440;&#x43E;&#x43C;&#x44B;&#x448;&#x43B;&#x435;&#x43D;&#x43D;&#x43E;&#x441;&#x442;&#x44C;. &#x41B;&#x435;&#x441;&#x43E;&#x43C;&#x430;&#x442;&#x435;&#x440;&#x438;&#x430;&#x43B;&#x44B;. &#x424;&#x430;&#x43D;&#x435;&#x440;&#x430;. &#x414;&#x421;&#x41F;. &#x414;&#x412;&#x41F;. &#x421;&#x43F;&#x438;&#x447;&#x43A;&#x438;. &#x41F;&#x438;&#x43B;&#x43E;&#x43C;&#x430;&#x442;&#x435;&#x440;&#x438;&#x430;&#x43B;&#x44B;. &#x422;&#x430;&#x440;&#x430; &#x434;&#x435;&#x440;&#x435;&#x432;&#x44F;&#x43D;&#x43D;&#x430;&#x44F;</subfield>
    <subfield code="f">&#x410;&#x433;&#x435;&#x43D;&#x442;&#x441;&#x442;&#x432;&#x43E; &#x434;&#x435;&#x43B;&#x43E;&#x432;&#x43E;&#x439; &#x438;&#x43D;&#x444;&#x43E;&#x440;&#x43C;&#x430;&#x446;&#x438;&#x438; [&#x411;&#x438;&#x437;&#x43D;&#x435;&#x441;-&#x43A;&#x430;&#x440;&#x442;&#x430;]</subfield>
  </datafield>
  <datafield tag="205" ind1=" " ind2=" ">
    <subfield code="a">14-&#x435; &#x438;&#x437;&#x434;.</subfield>
  </datafield>
  <datafield tag="210" ind1=" " ind2=" ">
    <subfield code="a">&#x41C;&#x43E;&#x441;&#x43A;&#x432;&#x430;</subfield>
    <subfield code="c">&#x410;&#x414;&#x418; "&#x411;&#x438;&#x437;&#x43D;&#x435;&#x441;-&#x43A;&#x430;&#x440;&#x442;&#x430;"</subfield>
    <subfield code="d">2005</subfield>
  </datafield>
  <datafield tag="215" ind1=" " ind2=" ">
    <subfield code="a">382,[1] &#x441;.</subfield>
    <subfield code="c">&#x438;&#x43B;.</subfield>
    <subfield code="d">20</subfield>
  </datafield>
  <datafield tag="300" ind1=" " ind2=" ">
    <subfield code="a">&#x41D;&#x430; &#x43E;&#x431;&#x43B;. &#x442;&#x43E;&#x43B;&#x44C;&#x43A;&#x43E; &#x447;&#x430;&#x441;&#x442;. &#x437;&#x430;&#x433;&#x43B;. &#x442;&#x43E;&#x43C;&#x430; &#x432; &#x441;&#x43E;&#x43A;&#x440;. &#x432;&#x438;&#x434;&#x435;</subfield>
  </datafield>
  <datafield tag="320" ind1=" " ind2=" ">
    <subfield code="a">&#x410;&#x43B;&#x444;. &#x443;&#x43A;&#x430;&#x437;. &#x43F;&#x43E; &#x432;&#x438;&#x434;&#x430;&#x43C; &#x43F;&#x440;&#x43E;&#x434;&#x443;&#x43A;&#x446;&#x438;&#x438; &#x438; &#x443;&#x441;&#x43B;&#x443;&#x433;: &#x441;. 7-30</subfield>
  </datafield>
  <datafield tag="320" ind1=" " ind2=" ">
    <subfield code="a">&#x410;&#x43B;&#x444;. &#x443;&#x43A;&#x430;&#x437;. &#x43F;&#x43E; &#x432;&#x438;&#x434;&#x430;&#x43C; &#x441;&#x44B;&#x440;&#x44C;&#x44F; &#x438; &#x43C;&#x430;&#x442;&#x435;&#x440;&#x438;&#x430;&#x43B;&#x43E;&#x432;, &#x438;&#x441;&#x43F;&#x43E;&#x43B;&#x44C;&#x437;&#x443;&#x435;&#x43C;&#x44B;&#x445; &#x43F;&#x440;&#x435;&#x434;&#x43F;&#x440;&#x438;&#x44F;&#x442;&#x438;&#x44F;&#x43C;&#x438;: &#x441;. 31</subfield>
  </datafield>
  <datafield tag="320" ind1=" " ind2=" ">
    <subfield code="a">&#x410;&#x43B;&#x444;. &#x443;&#x43A;&#x430;&#x437;. &#x43F;&#x440;&#x435;&#x434;&#x43F;&#x440;&#x438;&#x44F;&#x442;&#x438;&#x439; &#x43F;&#x43E; &#x43E;&#x431;&#x43B;., &#x440;&#x435;&#x441;&#x43F;.: &#x441;. 32-62</subfield>
  </datafield>
  <datafield tag="606" ind1="1" ind2=" ">
    <subfield code="a">&#x41B;&#x435;&#x441;&#x43D;&#x430;&#x44F; &#x43F;&#x440;&#x43E;&#x43C;&#x44B;&#x448;&#x43B;&#x435;&#x43D;&#x43D;&#x43E;&#x441;&#x442;&#x44C;</subfield>
    <subfield code="j">&#x411;&#x438;&#x437;&#x43D;&#x435;&#x441;-&#x43A;&#x430;&#x440;&#x442;&#x44B;</subfield>
    <subfield code="y">&#x421;&#x442;&#x440;&#x430;&#x43D;&#x44B; &#x421;&#x41D;&#x413;</subfield>
    <subfield code="9">2137205</subfield>
    <subfield code="3">RU\NLR\auth\661288584</subfield>
  </datafield>
  <datafield tag="606" ind1="1" ind2=" ">
    <subfield code="a">&#x414;&#x435;&#x440;&#x435;&#x432;&#x43E;&#x43E;&#x431;&#x440;&#x430;&#x431;&#x430;&#x442;&#x44B;&#x432;&#x430;&#x44E;&#x449;&#x430;&#x44F; &#x43F;&#x440;&#x43E;&#x43C;&#x44B;&#x448;&#x43B;&#x435;&#x43D;&#x43D;&#x43E;&#x441;&#x442;&#x44C;</subfield>
    <subfield code="j">&#x411;&#x438;&#x437;&#x43D;&#x435;&#x441;-&#x43A;&#x430;&#x440;&#x442;&#x44B;</subfield>
    <subfield code="y">&#x421;&#x442;&#x440;&#x430;&#x43D;&#x44B; &#x421;&#x41D;&#x413;</subfield>
    <subfield code="9">2140213</subfield>
    <subfield code="3">RU\NLR\auth\661290047</subfield>
  </datafield>
  <datafield tag="686" ind1=" " ind2=" ">
    <subfield code="a">&#x423;30(2)61&#x44F;2</subfield>
  </datafield>
  <datafield tag="686" ind1=" " ind2=" ">
    <subfield code="a">&#x423;30(2)616.51&#x44F;2</subfield>
  </datafield>
  <datafield tag="712" ind1="0" ind2="2">
    <subfield code="4">570</subfield>
    <subfield code="a">"&#x411;&#x438;&#x437;&#x43D;&#x435;&#x441;-&#x43A;&#x430;&#x440;&#x442;&#x430;", &#x430;&#x433;&#x435;&#x43D;&#x442;&#x441;&#x442;&#x432;&#x43E; &#x434;&#x435;&#x43B;&#x43E;&#x432;&#x43E;&#x439; &#x438;&#x43D;&#x444;&#x43E;&#x440;&#x43C;&#x430;&#x446;&#x438;&#x438;</subfield>
    <subfield code="c">&#x41C;&#x43E;&#x441;&#x43A;&#x432;&#x430;</subfield>
    <subfield code="3">RU\NLR\AUTH\8810016251</subfield>
    <subfield code="9">530346</subfield>
  </datafield>
  <datafield tag="801" ind1=" " ind2="0">
    <subfield code="a">RU</subfield>
    <subfield code="b">NLR</subfield>
    <subfield code="c">20051004</subfield>
    <subfield code="g">rcr</subfield>
  </datafield>
  <datafield tag="801" ind1=" " ind2="1">
    <subfield code="a">RU</subfield>
    <subfield code="b">NLR</subfield>
    <subfield code="c">20051004</subfield>
  </datafield>
  <datafield tag="942" ind1=" " ind2=" ">
    <subfield code="c">BOOK</subfield>
  </datafield>
  <datafield tag="980" ind1=" " ind2=" ">
    <subfield code="a">NB</subfield>
  </datafield>
  <datafield tag="995" ind1=" " ind2=" ">
    <subfield code="5">2005-10-04</subfield>
    <subfield code="a">ad</subfield>
    <subfield code="b">NLR01</subfield>
    <subfield code="c">NLR01</subfield>
    <subfield code="e">RF3</subfield>
    <subfield code="f">1-1159935</subfield>
    <subfield code="k">2005-3/26376</subfield>
    <subfield code="o">0</subfield>
    <subfield code="r">BOOK</subfield>
    <subfield code="s">2005326376_</subfield>
  </datafield>
  <datafield tag="995" ind1=" " ind2=" ">
    <subfield code="5">2005-10-04</subfield>
    <subfield code="a">ad</subfield>
    <subfield code="b">NLR01</subfield>
    <subfield code="c">NLR01</subfield>
    <subfield code="e">RF3</subfield>
    <subfield code="f">2005986</subfield>
    <subfield code="k">2005-3/26376</subfield>
    <subfield code="o">0</subfield>
    <subfield code="r">BOOK</subfield>
    <subfield code="s">2005326376_</subfield>
  </datafield>
</record>
